El istmo cruje: es que el Canal se subleva

Sábháilte in:
Sonraí bibleagrafaíochta
Formáid: Téacs
Clibeanna: Cuir clib leis
Níl clibeanna ann, Bí ar an gcéad duine le clib a chur leis an taifead seo!

MARC

LEADER 00000 a a2200000 04500
001 46864
003
040
245 |a El istmo cruje:   |b es que el Canal se subleva  
773 |a páginas 324-350  
999 |c 30390  |d 30390